[Event "Morelia/Linares"]
[Site "25"]
[Date "2008.02.20"]
[Round "5"]
[White "Leko, Peter"]
[Black "Anand, Viswanathan"]
[Result "0-1"]
[WhiteElo "2753"]
[BlackElo "2799"]
[Annotator "JvR"]
[PlyCount "90"]
[EventDate "2008.??.??"]

1. e4 c5 2. Nf3 d6 3. d4 cxd4 4. Nxd4 Nf6 5. Nc3 a6 6. Be3 e5 7. Nb3 Be6 8. Qd2
Nbd7 9. f3 b5 10. O-O-O Be7 11. Nd5 Bxd5 12. exd5 Nb6 13. Bxb6 Qxb6 14. Na5 Rc8
15. Nc6 Nxd5 16. Nxe7 Nxe7 17. Qxd6 Qxd6 18. Rxd6 Nc6 19. c3 Ke7 20. Rd1 $5 (
20. Rd2 Rhd8 21. Rxd8 Rxd8 22. Be2 {drew in Mecking - Evans, San Antonio 1972.}
) 20... f5 21. Bd3 g6 22. Rhe1 Rhd8 23. Bf1 Rxd1+ 24. Rxd1 Na5 25. a4 Nc4 $2 ({
Correct is} 25... Nb3+ 26. Kc2 bxa4 27. Bxa6 Rd8 {(Anand).}) 26. axb5 axb5 27.
Rd5 Kf6 28. Rxb5 Ne3 29. Rb6+ $1 Kg5 30. Ba6 $1 Rd8 31. b4 Kf4 $6 (31... Nxg2
$1 32. c4 Rd3 33. c5 Rxf3 34. Rd6 $1 {favours White (Anand).}) 32. Rc6 Nxg2 33.
b5 Ra8 $1 34. Bb7 $2 {Leko misses the win.} (34. Rc8 $1 Rxc8 35. Bxc8 Ne1 36.
b6 Nd3+ 37. Kd2 Nc5 38. b7 Na6 39. c4 $1 {wins for White (Anand).}) 34... Rb8
35. Rc7 $2 {Hereafter, White even loses.} (35. Ba6 $1 e4 $1 36. fxe4 fxe4 37.
b6 e3 38. Bf1 Kf3 {tries to survive.}) 35... Ne1 $1 36. Rxh7 Nxf3 37. c4 e4 38.
Kc2 e3 39. Kd3 g5 $1 {Suddenly Black wins.} 40. Ke2 Nd4+ 41. Ke1 Rd8 42. Re7
Nc2+ 43. Kf1 Rd1+ 44. Ke2 Rd2+ 45. Kf1 Nd4 {Anand won a sharp ending. He took
the sole lead.} 0-1

[Event "Morelia/Linares"]
[Site "25"]
[Date "2008.02.20"]
[Round "5"]
[White "Topalov, Veselin"]
[Black "Carlsen, Magnus"]
[Result "0-1"]
[WhiteElo "2780"]
[BlackElo "2733"]
[Annotator "JvR"]
[PlyCount "87"]
[EventDate "2008.??.??"]

1. e4 Nf6 2. e5 Nd5 3. d4 d6 4. Nf3 dxe5 5. Nxe5 c6 {Carlsen has played this
opening before.} 6. Bd3 Nd7 7. Nxd7 Bxd7 8. O-O g6 9. Nd2 Bg7 10. Nf3 O-O 11.
Re1 $5 Bg4 12. c3 c5 $1 13. Be4 $5 cxd4 14. cxd4 e6 {The knight blockades.} 15.
Qb3 $2 ({Preferable is} 15. h3 Bxf3 16. Bxf3 {(Rogozenko).}) 15... Bxf3 $1 {
Black collects a pawn.} 16. Bxf3 Bxd4 17. Bxd5 Qxd5 18. Qxd5 exd5 19. Rd1 Bg7
20. Kf1 (20. Rxd5 Rad8 21. Rxd8 Rxd8 22. Be3 Bxb2 23. Rb1 b6 {also costs a
pawn.}) 20... Rfd8 21. Bg5 Rd7 22. Rd2 h6 23. Be3 d4 $1 24. Rd3 $5 Rc8 25. Bd2
Rc2 26. Rb1 Re7 27. a4 f5 28. b3 Rec7 29. Be1 Kf7 30. Rd2 Rc1 31. Rxc1 Rxc1 32.
Ke2 Rb1 $1 33. Rd3 Ke6 34. h4 Kd5 35. Bd2 Ke4 36. Rg3 f4 $1 37. Rd3 ({Notice} 
37. Rxg6 d3#) 37... Be5 38. f3+ Kd5 39. Be1 Bd6 40. Bd2 g5 41. hxg5 hxg5 42.
Be1 g4 43. fxg4 Ke4 44. g5 {Carlsen won with the Alekhine.} ({The pointe is} 
44. g5 Rxe1+ $1) 0-1

[Event "Morelia/Linares"]
[Site "25"]
[Date "2008.02.23"]
[Round "7"]
[White "Leko, Peter"]
[Black "Topalov, Veselin"]
[Result "0-1"]
[WhiteElo "2753"]
[BlackElo "2780"]
[Annotator "JvR"]
[PlyCount "76"]
[EventDate "2008.??.??"]

1. e4 c5 2. Nf3 d6 3. d4 cxd4 4. Nxd4 Nf6 5. Nc3 a6 6. Be3 e6 7. f3 b5 8. Qd2
b4 9. Na4 Nbd7 10. c4 bxc3 11. Nxc3 Bb7 12. Be2 Be7 13. O-O O-O 14. Rac1 Qb8
15. Rfd1 $5 ({Known is} 15. b4) 15... Rd8 $1 {He prepares the counter in the
centre.} 16. Kh1 d5 17. exd5 Nxd5 18. Nxd5 Bxd5 19. Bc4 Nf6 20. Qe2 Qb7 21. b3
h6 22. Bf2 Rd7 23. Rc2 Bxc4 24. Rxc4 Rad8 25. Rf1 Rd6 26. Qc2 Bf8 {The long
manoeuvres have achieved little.} 27. Nc6 Re8 $5 (27... R8d7 $1 {is slightly
better.}) 28. b4 e5 29. Na5 Qb5 30. Bc5 Rd5 31. Bxf8 Rxf8 32. Re1 Rfd8 33. Nb3
$6 (33. Nc6 $1 Rd2 34. Qc1 Rd1 35. Rxd1 Rxd1+ 36. Qxd1 Qxc4 37. Nxe5 Qxa2 {
draws.}) 33... Rd1 34. Qxd1 $2 {Leko panics.} (34. Rxd1 Rxd1+ 35. Qxd1 Qxc4 36.
Qc1 Qxb4 37. Qc8+ {still draws.}) 34... Rxd1 35. Rc8+ Kh7 36. Rxd1 e4 37. fxe4
$2 {Peter succumbs under time pressure.} Ng4 $1 38. Rc5 Qb8 $1 {Anand led by a
score of plus two before Topalov and Shirov (plus one) at the end of the first
cycle.} 0-1

[Event "Morelia/Linares"]
[Site "25"]
[Date "2008.02.28"]
[Round "8"]
[White "Anand, Viswanathan"]
[Black "Shirov, Alexei"]
[Result "1-0"]
[WhiteElo "2799"]
[BlackElo "2755"]
[Annotator "JvR"]
[PlyCount "113"]
[EventDate "2008.??.??"]

{The second cycle happened in Linares from 28 ii until 7 iii. Playing hall was
the Teatro Cervantes.} 1. e4 c5 2. Nf3 Nc6 3. d4 cxd4 4. Nxd4 Nf6 5. Nc3 e5 6.
Ndb5 d6 7. Bg5 a6 8. Na3 b5 9. Nd5 Be7 10. Bxf6 Bxf6 11. c3 Bg5 12. Nc2 O-O 13.
a4 bxa4 14. Rxa4 a5 15. Bc4 Rb8 16. b3 Kh8 17. Nce3 g6 18. Qe2 $5 f5 19. h4 $1
Bxe3 (19... Bxh4 20. exf5 Bxf5 21. Nxf5 Rxf5 22. g3 Bg5 23. Bd3 Rxb3 24. Bxf5 {
favours White (Anand).}) 20. Qxe3 fxe4 $6 (20... f4 $1 {keeps the centre
closed.}) 21. h5 $1 g5 22. Qxe4 {White blockades the centre.} Bb7 23. Qe3 e4 $6
({Wiser is} 23... Ne7 24. Nxe7 Qxe7 25. Rxa5 d5 $1) 24. O-O $1 Ne5 25. Rfa1 Qe8
26. Rxa5 Qxh5 27. Qxe4 Rbe8 28. Be2 Qh4 $5 29. Qxh4 gxh4 30. Ne3 h3 $1 31. gxh3
Nf3+ 32. Bxf3 Rxf3 33. Rh5 Rg8+ 34. Kf1 Rgf8 35. Nd1 Rd3 36. Rh4 $1 Bf3 37. Rd4
{White protects everything.} Rxd4 38. cxd4 Rf4 $2 (38... Rb8 $1 39. Ne3 Rxb3 {
gives drawing chances (Anand).}) 39. Ne3 Rxd4 40. Ra4 Rd3 41. Rf4 Bh5 42. b4 d5
43. Kg2 Bg6 44. Nf5 Kg8 (44... Bxf5 45. Rxf5 Rb3 46. Rf4 Kg7 47. h4 {wins
eventually (Anand).}) 45. Ne7+ Kg7 46. Nxg6 Kxg6 47. Rf3 Rd1 48. Rb3 d4 49. Kf3
d3 50. Ke3 Rh1 51. b5 Rxh3+ 52. f3 Rh1 53. b6 Re1+ 54. Kxd3 Re8 55. b7 Rb8 56.
Ke4 h5 57. Kf4 {Anand had defeated an important competitor and drew the rest
of the games.} 1-0

[Event "Morelia/Linares"]
[Site "25"]
[Date "2008.02.29"]
[Round "9"]
[White "Carlsen, Magnus"]
[Black "Shirov, Alexei"]
[Result "1-0"]
[WhiteElo "2733"]
[BlackElo "2755"]
[Annotator "JvR"]
[PlyCount "159"]
[EventDate "2008.??.??"]

1. e4 e5 2. Nf3 Nc6 3. Bb5 a6 4. Ba4 Nf6 5. O-O b5 6. Bb3 Bc5 7. a4 Rb8 8. c3
d6 9. d4 Bb6 10. Na3 O-O 11. axb5 axb5 12. Nxb5 Bg4 13. Bc2 Bxf3 14. gxf3 Nh5
15. f4 Nxf4 16. Bxf4 exf4 17. Qg4 Qf6 {White has a pleasant position.} 18. Ra6
$5 (18. b4 {happened in Leko - Shirov, Moscow 2007.}) 18... Ne7 $5 (18... g6 $1
{makes a useful move (Carlsen).}) 19. Na3 $1 c6 $6 (19... Ra8 $1 20. Rxa8 Rxa8
21. Nc4 Ng6 {leads to a passive game for Black (commentators).}) 20. Nc4 $1 Bc7
21. Ra7 Rbc8 22. e5 $1 dxe5 23. dxe5 Qh6 24. Rd1 Nd5 25. Be4 Rfd8 $2 ({Correct
is} 25... Ra8 $1 26. Rxa8 Rxa8 {and} 27. Bxd5 $6 cxd5 28. Rxd5 $2 Qc6 {costs a
piece (Carlsen).}) 26. Rd3 $1 g6 27. Bxd5 $6 (27. Ra6 $1 {completes the
restriction (Carlsen).}) 27... cxd5 28. Rxd5 Rxd5 29. Qxc8+ Kg7 30. Qg4 $2 (30.
Rxc7 $1 Qg5+ $1 31. Kf1 Rd1+ 32. Ke2 Qg1 33. Rxf7+ $1 Kxf7 34. Nd6+ Kg7 35.
Qd7+ Kh6 36. Nf7+ Kg7 37. Qxd1 f3+ 38. Kd2 Qxf2+ 39. Kc1 Kxf7 40. Qd7+ Kg8 41.
e6 {wins for White (Carlsen).}) 30... Bxe5 31. h4 $1 Bb8 32. Rb7 Rd8 33. Kg2
Kg8 34. Qg5 Qf8 35. Qf6 Re8 36. b4 Re6 37. Qd4 Qc8 $2 {Shirov misses a hidden
draw.} (37... Bc7 $3 38. Rxc7 $4 Qa8+ 39. Kh2 Re1 {turns the tables (Carlsen).}
) 38. Rd7 Qc6+ 39. Qd5 Qxd5+ 40. Rxd5 Rc6 41. Nd2 f3+ $1 42. Nxf3 Kg7 43. Rd8
Bc7 44. Rd7 Rxc3 45. Ng5 Kg8 46. Ne4 Rc4 47. Nf6+ Kf8 48. Nxh7+ Ke8 49. Nf6+
Kf8 50. Nd5 Be5 51. b5 Rxh4 52. b6 Rd4 53. Kf3 Kg7 54. Ke3 Ra4 55. b7 Ra3+ 56.
Ke4 Bh2 57. Nc7 Rb3 58. Ne6+ Kf6 59. Nd8 g5 60. Rxf7+ Kg6 61. Rd7 g4 62. Ne6 g3
63. fxg3 Bxg3 64. Kd5 Rb1 65. Kc6 Rc1+ 66. Nc5 Bb8 67. Rd5 Ba7 68. Kd7 Bb8 69.
Ne6 Kf6 70. Rc5 Rb1 71. Nd8 Bh2 72. Rc6+ Ke5 73. Rc1 Rb3 74. Rc2 Bf4 75. Kc6
Kf5 76. Rc5+ Kf6 77. Kd7 Rb1 78. Kc8 Bh2 79. Rc6+ Ke5 $4 {Shirov blunders
terribly.} (79... Kf5 $1 80. Ne6 Rg1 $1 81. Rc2 Bd6 82. Nc7 Rg8+ {has been
regarded as drawn by the commentators, but} 83. Kd7 $1 Rb8 84. Rb2 Bf4 85. Rb5+
Kg6 86. Ne8 $1 Bh2 87. Rb6+ Kg5 88. Nd6 Kf6 89. Rb1 Be5 90. Rd1 Rh8 91. Kc6 {
will win for White eventually.}) 80. b8=Q+ {Carlsen neared Anand til
half-a-point.} 1-0

[Event "Morelia/Linares"]
[Site "25"]
[Date "2008.03.03"]
[Round "11"]
[White "Leko, Peter"]
[Black "Carlsen, Magnus"]
[Result "1-0"]
[WhiteElo "2753"]
[BlackElo "2733"]
[Annotator "JvR"]
[PlyCount "123"]
[EventDate "2008.??.??"]

1. e4 c5 2. Nf3 Nc6 3. d4 cxd4 4. Nxd4 Nf6 5. Nc3 e5 6. Ndb5 d6 7. Bg5 a6 8.
Na3 b5 9. Nd5 Be7 10. Bxf6 Bxf6 11. c3 Bg5 12. Nc2 Ne7 13. h4 Bh6 14. a4 bxa4
15. Ncb4 O-O 16. Qxa4 Nxd5 17. Nxd5 a5 18. Bb5 Be6 19. Bc6 Rb8 20. b4 Bxd5 21.
Bxd5 axb4 22. cxb4 Qb6 23. Rb1 $5 (23. O-O Qxb4 24. Qxb4 Rxb4 {drew in
Dominguez - Jakovenko, Foros 2007.}) 23... Kh8 24. O-O f5 25. Qa5 fxe4 26. Qxb6
Rxb6 27. Rb3 $3 {Leko starts a winning attempt.} (27. Rfe1 e3 28. fxe3 Rfb8 {
draws (Leko).}) 27... Rc8 28. Ra1 g6 $1 29. Ra8 Rxa8 30. Bxa8 Bf8 $5 31. b5 Be7
32. g3 Bd8 33. Bxe4 d5 $2 (33... Rb8 $1 34. Kg2 Bb6 {switches the blockader
without a pawn sacrifice.}) 34. Bxd5 Rd6 35. Bc6 Bb6 36. Rb2 Rd3 37. Kg2 Kg7
38. Be4 Ra3 39. g4 Bd4 40. Rc2 $5 (40. Rb1 Bb6 41. f3 Ra2+ 42. Kh3 {keeps the
f-pawn but White becomes less active.}) 40... Rb3 41. Rc7+ Kh8 42. Rc8+ Kg7 43.
Rc7+ Kh8 44. Rb7 $1 Rb2 45. h5 $1 Rxf2+ 46. Kg3 Rf4 $1 47. h6 {The last try to
win.} Rf8 48. Rc7 Bf2+ 49. Kg2 Be3 50. g5 $5 Rb8 $1 51. Rc3 Bd4 52. Rc6 Kg8 $2
{Carlsen succumbs at last.} (52... Be3 $1 53. Kf3 Bxg5 54. b6 $5 Bd8 {draws.})
53. Bd5+ Kf8 54. Bc4 $1 {White has a decisive attack.} Ke7 $5 55. Rc7+ Kd6 56.
Rxh7 e4 57. Rg7 $1 Kc5 58. Rc7+ Kd6 59. Rc6+ Ke5 60. Rxg6 Kf5 61. Rd6 $1 Be3
62. h7 {It became impossible for Carlsen to win the tournament.} 1-0

[Event "Morelia/Linares"]
[Site "25"]
[Date "2008.03.06"]
[Round "13"]
[White "Radjabov, Teimour"]
[Black "Shirov, Alexei"]
[Result "1-0"]
[WhiteElo "2735"]
[BlackElo "2755"]
[Annotator "JvR"]
[PlyCount "57"]
[EventDate "2008.??.??"]

1. e4 c5 2. Nf3 d6 3. d4 cxd4 4. Nxd4 Nf6 5. Nc3 a6 6. Be2 e5 7. Nb3 Be7 8. Bg5
Be6 9. Bxf6 Bxf6 10. Qd3 Nc6 11. O-O-O Nd4 12. Nxd4 exd4 13. Nd5 Bxd5 14. exd5
O-O 15. Qf3 Re8 16. Bd3 Re5 17. Kb1 Qa5 18. g4 Qxd5 19. Qxd5 Rxd5 20. f4 Bh4 $4
({Correct is} 20... g5 {(Kualots - Areshchenko, Kappelle 2004).}) ({Also known
is} 20... g6 $4 21. b4 $1) 21. b4 $1 {A black rook is imprisoned.} Rc8 22. a4
Rc3 23. Kb2 ({Even better is} 23. Rc1 $1 f5 24. gxf5 g6 25. Rhg1 $1 Kf7 26.
fxg6+ hxg6 27. Rg4 {(Ljubojevic and Radjabov).}) 23... f5 24. gxf5 Rxd3 25.
cxd3 Rxf5 26. Rc1 Rxf4 27. Rhf1 Rxf1 28. Rxf1 Bd8 29. a5 $1 {Shirov lost four
games during the second cycle.   The tournament was won by Anand 81/2/14,
before Carlsen (8), Topalov and Aronian (71/2), Radjabov (7), Ivanchuk (61/2),
Leko and Shirov (51/2).} 1-0

[Event "Linares"]
[Site "26"]
[Date "2009.02.19"]
[Round "1"]
[White "Anand, Viswanathan"]
[Black "Radjabov, Teimour"]
[Result "1-0"]
[WhiteElo "2791"]
[BlackElo "2761"]
[Annotator "JvR"]
[PlyCount "121"]
[EventDate "2009.??.??"]

{The 26th installment was completely played in Linares from 19 ii until 7 iii
2009. So the players did not go to Morelia in Mexico. The usual two cycles
were carried out by eight grandmasters.} 1. e4 c5 2. Nf3 Nc6 3. d4 cxd4 4. Nxd4
Nf6 5. Nc3 e5 6. Ndb5 d6 7. Bg5 a6 8. Na3 b5 9. Bxf6 gxf6 10. Nd5 Bg7 11. Bd3
Ne7 12. Nxe7 Qxe7 13. O-O O-O 14. c4 f5 15. Qf3 d5 16. cxd5 fxe4 17. Bxe4 Rb8
18. Rfd1 f5 19. d6 Qf6 20. Bc6 Be6 21. Bd5 Rbd8 22. Qb3 Bf7 23. Nc2 Rxd6 24.
Bxf7+ Rxf7 25. Rxd6 Qxd6 26. Ne3 f4 27. Rd1 Qg6 28. Nd5 Bf8 $5 {Finally, a new
move is made.} ({Known is} 28... Kh8 {(Bobras - Yakovich, Port Erin 2006).})
29. f3 Kh8 $5 (29... Bc5+ 30. Kf1 Kg7 {gives an excellent alternative.}) 30.
Nc3 Rg7 $5 31. Rd2 Bc5+ 32. Kf1 Bd4 33. Ne4 Rc7 34. Rc2 $1 {White has a
superior pawn structure.} Rc6 35. Qd3 (35. g4 fxg3 36. hxg3 Rxc2 37. Qxc2 Qe6
38. Ng5 Qc4+ 39. Qxc4 bxc4 {about equalises (Anand).}) 35... Kg7 36. b3 h6 $2 (
36... Qh6 $1 {(threatens pawn h2)} 37. h3 Qg6 {draws (Anand).}) 37. g4 $1 fxg3
38. hxg3 Qe6 39. Kg2 Qc8 40. Rxc6 Qxc6 41. Qd2 Qe6 $2 ({Better is} 41... Kf7 $1
42. g4 Kg6 $1 {The black king has moved in a triangle. White suffers from
zugzwang.} 43. Qd3 Kf7 44. Ng3 Qc1 $1 {and the game will be hard to win for
White.}) 42. g4 $1 Qc6 43. Ng3 $1 {White starts an attack of queen and knight
on the kingside.} Kh7 ({The pointe is} 43... Qc3 44. Nf5+ $1 Kf7 45. Qxh6 Qc2+
46. Kh3 $1 {and White wins.}) 44. Nf5 Bb6 45. Qd3 Kh8 46. Qe2 $1 Bc7 47. Qd2
Kh7 48. Ne7 Qc5 ({Or} 48... Qd6 49. Qc2+ Kh8 50. Nf5 Qb6 51. Qe4 $1 {
(Rogozenco).}) 49. Qd3+ Kh8 50. Qd7 $1 e4 51. Qe8+ Kg7 52. Nf5+ Kf6 53. Qxe4
Bb6 54. Kh3 $1 h5 55. g5+ $1 Kxg5 56. Ne7 Kf6 57. Nd5+ Kg7 58. Qe5+ Kh6 59.
Qf6+ Kh7 60. Qf7+ Kh6 61. Ne7 {World champion Anand played a great game.} 1-0

[Event "Linares"]
[Site "26"]
[Date "2009.02.20"]
[Round "2"]
[White "Anand, Viswanathan"]
[Black "Aronian, Levon"]
[Result "0-1"]
[WhiteElo "2791"]
[BlackElo "2750"]
[Annotator "JvR"]
[PlyCount "106"]
[EventDate "2009.??.??"]

1. d4 d5 2. c4 c6 3. Nf3 Nf6 4. Nc3 e6 5. e3 Nbd7 6. Bd3 dxc4 7. Bxc4 b5 8. Bd3
Bd6 9. O-O O-O 10. Qc2 Bb7 11. a3 a6 12. Ng5 $5 Bxh2+ 13. Kxh2 Ng4+ 14. Kg1
Qxg5 15. f3 Ngf6 16. e4 {White has given a pawn for an advance in the centre.}
Qh4 17. Be3 e5 18. Ne2 Nh5 (18... Rad8 $5 {was played in the Aeroflot Open on
the next day.}) 19. Qd2 h6 20. Rfd1 Rae8 $6 {Aronian should have played the
other rook.} 21. Bc2 Re6 22. Bf2 Qe7 23. g4 $1 {Anand smells blood.} Rg6 24.
Kf1 Nhf6 25. Ng3 Nxg4 $1 {Otherwise Black will suffocate.} 26. fxg4 Qh4 27. Nf5
Qxg4 $5 ({Aronian did not like} 27... Qh3+ $6 28. Ke1 Rxg4 29. Qe3 {and White
consolidates.}) 28. Qc3 $1 (28. Ne7+ $6 Kh7 29. Nxg6 fxg6 {leads to a black
counteraction.}) 28... Re8 29. Qg3 Qh5 30. Qh4 Qf3 31. Rd3 Qg2+ 32. Ke2 {White
threatens 33.Rg3.} exd4 33. Rg3 $4 {The tables turn.} (33. Rxd4 $1 Rg4 34. Ne3
Rxh4 35. Nxg2 Rh2 36. Rxd7 Bc8 37. Rc7 Rxg2 38. Rg1 Rxg1 39. Bxg1 {brings a
white advantage (Illescas Cordoba).}) 33... Rxg3 34. Qxg3 $5 Rxe4+ 35. Kd2 Rg4
$1 {Anand has missed this move.} (35... Qxg3 36. Bxg3 Re6 {would be okay for
White.}) 36. Qxg2 Rxg2 37. Ke2 c5 38. Rg1 Ne5 39. Rxg2 Bxg2 40. Kd2 h5 41. b4
$6 Nc4+ 42. Kc1 Nxa3 43. Bd1 cxb4 44. Bxh5 g6 45. Ne7+ Kf8 46. Nxg6+ fxg6 47.
Bxg6 Ke7 48. Bxd4 Kd6 49. Bd3 Nc4 50. Bg7 a5 51. Be2 Be4 52. Bf6 a4 53. Bg7 Kd5
{Anand did not score plus two but went to even. It spoiled his tournament.} 0-1

[Event "Linares"]
[Site "26"]
[Date "2009.02.20"]
[Round "2"]
[White "Grischuk, Alexander"]
[Black "Wang Yue"]
[Result "1-0"]
[WhiteElo "2733"]
[BlackElo "2739"]
[Annotator "JvR"]
[PlyCount "113"]
[EventDate "2009.??.??"]

1. d4 d5 2. c4 c6 3. Nf3 Nf6 4. Nc3 dxc4 5. a4 Bf5 6. Ne5 Nbd7 7. Nxc4 Nb6 8.
Ne5 a5 9. e3 g6 10. Bd3 Be6 11. O-O $5 {Grischuk plays an obvious novelty.} (
11. Be2 {occurred in the previous game Grischuk - Wang Yue (Elista 2008).})
11... Bg7 12. f4 $1 Nfd7 13. Nf3 c5 $1 {Black has to counter in the centre,
before White attacks on the kingside.} 14. Ng5 $1 {Grischuk gives a pawn for
the initiative.} cxd4 15. Nxe6 fxe6 16. Ne4 O-O $6 ({More active is} 16... Nd5
$1 17. Ng5 Qb6 $1) 17. Qg4 $1 Rf5 18. Qh3 $1 Nc5 19. Nxc5 Rxc5 20. Qxe6+ Kh8
21. e4 Rac8 22. e5 R8c6 23. Qf7 Nd5 24. Bd2 Qf8 $5 {Wang escapes from the
attack by exchange.} 25. Qxf8+ Bxf8 26. Rac1 e6 27. Kf2 b6 28. Kf3 Kg7 29. g3
Rxc1 30. Rxc1 Rxc1 31. Bxc1 {White has advantages in the ending: the two
bishop and the vulnerabilty of d4.} Kf7 32. Bc4 Ne3 $1 33. b3 Bc5 34. Ke2 h5
35. Bb2 g5 $1 {Black delivers a semi-sacrifice.} 36. fxg5 Ng4 37. Bd3 ({
Grischuk's} 37. h4 Nxe5 38. Ba6 {does not convince.}) 37... Nxe5 $2 ({Better is
} 37... Nxh2 $1 38. Bc1 Ng4 39. Bf4 Ne3 {and Black has a fortress.}) 38. Be4
Ng4 39. h3 Ne3 40. Bc1 e5 $2 (40... Nd5 $1 {avoids an exchange that looks more
favourable.} 41. Bxd5 exd5 42. Kd3 Ke6 43. Bf4 Kf5 44. h4 Ke6 {This ending
looks very promising for White, but I could not find a win.}) 41. Bxe3 $1 dxe3
{Grischuk will win, despite the bishops of a different colour.} 42. h4 Kg7 43.
Kf3 Kf7 44. Bd3 Bd4 45. Be2 Kg7 46. Ke4 Kg6 47. Bd1 Bc3 48. Kxe3 Kf5 49. Bxh5
Be1 50. Kf3 e4+ 51. Kg2 Bc3 52. Be2 Be1 53. Kh3 Bf2 54. Bb5 Be1 55. Bd7+ Ke5
56. Kg4 e3 57. Bb5 {Grischuk was very lonely in Linares. He only had a
relation to his mini-bar.} 1-0

[Event "Linares"]
[Site "26"]
[Date "2009.02.22"]
[Round "4"]
[White "Anand, Viswanathan"]
[Black "Wang Yue"]
[Result "1-0"]
[WhiteElo "2791"]
[BlackElo "2739"]
[Annotator "JvR"]
[PlyCount "65"]
[EventDate "2009.??.??"]

1. d4 d5 2. c4 c6 3. Nf3 Nf6 4. Nc3 a6 5. a4 e6 6. g3 dxc4 7. Bg2 c5 8. dxc5
Qxd1+ 9. Nxd1 Bxc5 10. Ne5 Nd5 11. Ne3 Nxe3 12. Bxe3 Bxe3 13. fxe3 c3 $5 14. b4
$1 {Anand keeps the game going.} Nd7 15. Nd3 Rb8 $6 ({Better is} 15... Nf6 $1
16. Rc1 Ng4 17. Rxc3 $5 Nxe3 18. Bf3 Nd5 19. Bxd5 exd5 {and the game will be
about equal (Rogozenco).}) 16. O-O b5 17. axb5 Rxb5 $1 18. Rfc1 Ne5 $2 ({
Correct is} 18... O-O 19. Ra5 Rb8 20. Rxc3 Nf6) 19. Nxe5 Rxe5 20. Rxc3 $6 (20.
b5 $1 Rxb5 $1 21. Bc6+ Ke7 22. Bxb5 axb5 23. Rxc3 {wins material.}) 20... O-O
21. Bc6 Rd8 22. e4 Kf8 23. Kf2 Ke7 $2 ({Better is} 23... h6) 24. b5 $1 axb5 25.
Ra7+ {Anand wins a decisive tempo.} Kf6 (25... Kf8 26. Rc7 $1 {White threatens
Rd3!} Kg8 27. Ra3 b4 28. Ra8 {gains a piece.}) 26. Rf3+ Kg6 27. Rfxf7 Rg8 28.
Rfc7 Rh5 29. h4 Kf6 30. Ra8 Rc5 31. Rcxc8 Rxc8 32. Rxc8 b4 33. Bd7 ({The
pointe is} 33. Bd7 Rxc8 34. Bxc8 b3 35. Ba6 b2 36. Bd3 {and White wins.}) 1-0

[Event "Linares"]
[Site "26"]
[Date "2009.02.22"]
[Round "4"]
[White "Radjabov, Teimour"]
[Black "Grischuk, Alexander"]
[Result "0-1"]
[WhiteElo "2761"]
[BlackElo "2733"]
[Annotator "JvR"]
[PlyCount "81"]
[EventDate "2009.??.??"]

1. d4 Nf6 2. c4 e6 3. Nf3 b6 4. g3 Bb7 5. Bg2 Be7 6. d5 exd5 7. Nh4 c6 $5 8.
cxd5 Nxd5 9. Nf5 O-O 10. e4 Nc7 11. Bf4 (11. O-O {leads to the known position.}
) 11... d5 $1 12. Qg4 Ne6 13. Nc3 Kh8 $6 ({More useful is} 13... Bf6 $1) 14.
Be5 $6 {White should have regained the sacrificed pawn.} Bf6 15. Bxf6 Qxf6 16.
O-O-O $6 Nd7 $6 (16... g6 $1 17. Nd6 d4 $1 {gains a plus (A.Sayapin).}) 17. f4
Ndc5 18. e5 $2 {He misses the last chance to recapture the pawn.} Qg6 19. Qh3
$6 (19. Qxg6 hxg6 20. Nd6 Ba6 {brings a plus for Black (Krasenkow).}) 19... f6
20. Nh4 Qh6 21. Nf3 Qxh3 22. Bxh3 Nc7 23. b4 $6 ({Preferable is} 23. Rhe1 $1
fxe5 24. Nxe5 Rae8 25. b4 N5e6 26. Kb1) 23... N5a6 24. b5 cxb5 25. Rhe1 b4 26.
Ne2 Bc8 27. Bg2 Bf5 28. Nfd4 fxe5 29. fxe5 Be4 30. Bxe4 dxe4 31. Nf4 Nc5 32. h4
Rae8 33. e6 a5 34. Kb1 N7xe6 35. Ndxe6 Nxe6 36. Nd5 Nc5 37. Nxb6 h6 38. Nc4 Rf2
39. Rd5 Na4 40. Rxa5 Nc3+ 41. Ka1 {Grischuk took the lead by his second win.}
0-1